000 01023nam a2200289 4500
003 OSt
005 20260601170958.0
008 260418b2002\\\\xxu|||||\||||\00|\0\eng\d
040 _aICI
_bspa
_cICI
041 _aeng
050 _aHF5415.153
_bC34
100 1 _aJonathan Cagan • Craig Vogel
_930959
245 1 _aCreating breakthrough products :
_binnovation from product planning to program approval /
_cJonathan Cagan, Craig M. Vogel ; foreword by Bruce Nussbaum
264 _bPrentice Hall ,
_c2002
_aNew Jersey :
300 _axxxii, 302 páginas :
_bilustraciones
336 _atexto
_2rdacontent
337 _asin medio
_2rdamedia
338 _avolumen
_2rdacarrier
490 _aFinancial Times Prentice Hall books
650 _aProductos nuevos
650 _aPlanificación de la producción
_930961
650 _aAdministración de productos
650 _2Investigación de mercado
700 _aVogel, Craig M.,,
_dautor
_930963
700 _aNussbaum, Bruce,
_dprologuista
_930964
942 _2lcc
_cB
999 _c19942
_d19942